| 000 | 02217nam2a2200325 4500 | ||
|---|---|---|---|
| 001 | RU\NLR\BIBL_A\022022492 | ||
| 005 | 20250625091118.0 | ||
| 010 |
_a978-5-4469-2105-8 _9500 |
||
| 021 |
_aRU _b2023-50936 _9КН-П-5115 |
||
| 035 | _a(NLR Aleph) 022022492 | ||
| 090 |
_a12516562 _c12516562 |
||
| 100 | _a20230911d2023 |||y0rusy50 ca | ||
| 101 | 0 |
_arus _deng |
|
| 102 | _aRU | ||
| 105 | _ay z 000zy | ||
| 200 | 1 |
_aГностические сочинения II-III вв. и некоторые проблемы раннего христианства _dGnostic scriptures of the second and third centuries and some ptoblems of early christianity _zeng |
|
| 210 |
_aСанкт-Петербург _cНестор-История _d2023 |
||
| 215 | _a466 с. | ||
| 300 | _aРез. англ. | ||
| 320 | _aБиблиогр.: с. 376-435, в подстроч. примеч. и в тексте | ||
| 327 | 1 | _aКн. содержит: "Второе слово великого Сифа" и "Послание Петра Филиппу" | |
| 461 | 0 |
_1001RU\NLR\BIBL_A\011653375 _12001#$aДругое благовестие$dA different gospel$fА. Л. Хосроев$gРоссийская академия наук, Институт восточных рукописей (Азиатский музей)$zeng$v3 _1700#1$aХосроев$bА. Л.$cд-р ист. наук, коптолог$f1953-$gАлександр Леонович$3RU\NLR\AUTH\770147370 _911140789 _aХосроев, А. Л. (д-р ист. наук, коптолог ; 1953-) _cСанкт-Петербург _d2016 _fА. Л. Хосроев _lA different gospel _nКонтраcт _tДругое благовестие _v3 |
|
| 500 | 1 | 0 |
_7ca _aВторое слово великого Сифа _92639959 _3RU\NLR\AUTH\5508987 |
| 500 | 1 | 0 |
_7ca _aПослание Петра Филиппу _92639960 _3RU\NLR\AUTH\5508988 |
| 510 | 1 |
_6z11790 _aGnostic scriptures of the second and third centuries and some ptoblems of early christianity _zeng |
|
| 790 | 1 |
_7ba _8rus _aChosroev _bA. L. _cд-р ист. наук, коптолог _f1953- _gAleksandr Leonovič _9147333 _3RU\NLR\AUTH\770147369 |
|
| 942 | _cBOOK | ||
| 980 | _aNB | ||